Partnerstvo alebo rivalita Európy a USA. Vstup Slovenska do transatlantického ekonomického priestoru

Salvato in:
Dettagli Bibliografici
Autore principale: Brocková, Ingrid
Natura: Capitolo di libro
Lingua:slovacco
Tags: Aggiungi Tag
Nessun Tag, puoi essere il primo ad aggiungerne!!

MARC

LEADER 00000naa a2200000 4500
001 0167513
005 20240502072923.6
041 0 |a slo 
044 |a SK 
245 1 0 |a Partnerstvo alebo rivalita Európy a USA. Vstup Slovenska do transatlantického ekonomického priestoru  |c Ingrid Brocková 
100 1 |a Brocková, Ingrid